Central Library OPAC University of Rajshahi

Performance of Leading Lagging and Sentiment Indicators in Predicting Economic Cycles : (Record no. 84242)

MARC details
000 -LEADER
fixed length control field 01029nam a2200253 a 4500
001 - CONTROL NUMBER
RUCL Control Number 84242
003 - CONTROL NUMBER IDENTIFIER
rucl marc code BD-RjUL
005 - DATE AND TIME OF LATEST TRANSACTION
control field 20241105120728.0
008 - FIXED-LENGTH DATA ELEMENTS--GENERAL INFORMATION
fixed length control field 241105s2022 bg a|||| m||| 00| 0 eng d
035 ## - SYSTEM CONTROL NUMBER
system control number (BD-RjUL)84242
040 ## - CATALOGING SOURCE
Original cataloging agency BD-RjUL
Language of cataloging eng
Transcribing agency BD-RjUL
Modifying agency BD-RjUL
041 ## - LANGUAGE CODE
Language code of Book eng
082 ## - DEWEY DECIMAL CLASSIFICATION NUMBER
DDC Edition number 23
Classification number 332.095492
Author mark and Year ISP 2022
100 ## - MAIN ENTRY--PERSONAL NAME
Personal name Islam, Md. Ashikul
9 (RLIN) 9338
245 10 - TITLE STATEMENT
Title Performance of Leading Lagging and Sentiment Indicators in Predicting Economic Cycles :
Remainder of title Evidence form Bangladesh /
Statement of responsibility, etc By Md. Ashikul Islam ;
Name of Supervisor/Co-Supervisor Supervisor : Md. Shibley Sadique, Supervisor : Rustom Ali Ahmed
260 ## - PUBLICATION, DISTRIBUTION, ETC. (IMPRINT)
Place of publication, distribution, etc Rajshahi :
Name of publisher, distributor, etc Department of Finance, University of Rajsahi,
Date of publication, distribution, etc 2022
300 ## - PHYSICAL DESCRIPTION
Pagination xvii, 251 Leaves :
Other physical details ill, ;
Dimensions 29 cm.
502 ## - DISSERTATION NOTE
Dissertation note Thesis (Ph. D.) -- Department of Finance, University of Rajshahi, 2022
504 ## - BIBLIOGRAPHY, ETC. NOTE
Bibliography, etc References : Leaves 201-223
650 ## - SUBJECT ADDED ENTRY--TOPICAL TERM
Topical term or geographic name as entry element Finance
Form subdivision Performance
Geographic subdivision Bangladesh
9 (RLIN) 14119
700 ## - ADDED ENTRY--SUPERVISOR/CO-SUPERVISOR NAME
Personal name Sadique, Md. Shibley, Supervisor
9 (RLIN) 1441
Personal name Ahmed, Rustom Ali, Supervisor
9 (RLIN) 9340
942 ## - ADDED ENTRY ELEMENTS (KOHA)
Source of classification or shelving scheme Dewey Decimal Classification
Koha item type Theses
Holdings
Source of classification or shelving scheme Damaged status Not for loan Collection code Permanent Location Current Location Shelving location Date of accession Source of acquisition Total Checkouts Full call number Barcode Date last seen Copy number Thesis
Dewey Decimal Classification   Not For Loan Theses Central Library, University of Rajshahi Central Library, University of Rajshahi Documentation Section 27/11/2023 Controller of Exam. R.U.   THE 332.095492 ISP 2022 D4944 05/11/2024 C-I Theses